012400000a22004090004500003001100000008004100011040003900052041000800091082001300099100001800112245007500130260000900205300000900214650002900223650002300252650002400275650001300299650003700312650001500349650002900364650001400393650004800407650002600455650002100481650002800502650003400530650002600564650003100590650003300621650002400654650001700678650001900695650004100714650001500755650002200770650003800792LK-CoMWRAF230817t ||||| |||| 00| 0 eng d aLK-CoMWRAFdLK-CoMWRAFeLK-CoMWRAF aeng a410bNIL aNilam, A.R.M. aThe Light in the Dark Ages and an Appeal for Muslim Girls' Educationb bac ap.13 aBattles of Badr and Ohod aBrotherhood of Man aCall to Prophethood aConverts aDeputation to Abyssinian Emperor aEarly Life aFalse Standard of Living aHome-life aImportance of a Proper Religious Atmosphere aInvitation to Yathreb aJourney to Tayef aMuslim Girls' Education aNo Progress without Education aOrganised Persecution aPurdah no Bar to Education aReligion Advocates Education aSermon on the Mount aSocial Evils aSocial Service aSpread of Islam and Entry into Mecca aTemptation aType of Education aWomen during the hey-day of Islam